Convenio con la Seguridad Social
Publicado:
San Jorge, núm. 92 (4rt trimestre 1973), pàg 90 :
MARC
| LEADER | 00000nam a2200000Ia 4500 | ||
|---|---|---|---|
| 001 | |||
| 008 | 160829s9999 xx 000 0 cat d | ||
| 245 | |a Convenio con la Seguridad Social | ||
| 260 | |a San Jorge, núm. 92 (4rt trimestre 1973), pàg 90 | ||
| 610 | 1 | 0 | |a Barcelona (Catalunya : Província). |b Diputació |9 52408 |
| 650 | |a Seguretat social |9 38813 | ||
| 650 | 0 | |a Convenis col·lectius de treball |9 44731 | |
| 901 | |a Arxiu | ||
| 942 | |n 1 | ||
| 952 | |0 0 |1 0 |4 0 |7 1 |9 52147 |a Arxiu |b Arxiu |d 2016-12-01 |l 0 |r 2016-12-01 00:00:00 |w 2016-12-01 |y ARXIU | ||
| 999 | |c 55995 |d 55995 | ||